Plans for a new Local Sustainable Transport Fund have been announced today by Local Transport minister Norman Baker (Record no. 82707)
[ view plain ]
| 000 -LEADER | |
|---|---|
| fixed length control field | 01058cab a22002055a 4500 |
| 001 - CONTROL NUMBER | |
| control field | L151068 |
| 008 - FIXED-LENGTH DATA ELEMENTS--GENERAL INFORMATION | |
| fixed length control field | 100928e2010 xxk 000 0 eng d |
| 035 ## - SYSTEM CONTROL NUMBER | |
| System control number | (Sirsi) u151068 |
| 041 0# - LANGUAGE CODE | |
| Language code of text/sound track or separate title | eng |
| 110 2# - MAIN ENTRY--CORPORATE NAME | |
| Corporate name or jurisdiction name as entry element | United Kingdom |
| Subordinate unit | Department for Transport |
| 9 (RLIN) | 4866 |
| 245 00 - TITLE STATEMENT | |
| Title | Plans for a new Local Sustainable Transport Fund have been announced today by Local Transport minister Norman Baker |
| Medium | [electronic resource] |
| 260 ## - PUBLICATION, DISTRIBUTION, ETC. | |
| Place of publication, distribution, etc. | London |
| Name of publisher, distributor, etc. | DFT |
| Date of publication, distribution, etc. | 2010 |
| 490 ## - SERIES STATEMENT | |
| Series statement | DfT News Release |
| Volume/sequential designation | 22 September 2010 |
| 520 ## - SUMMARY, ETC. | |
| Summary, etc. | Local Sustainable Transport Fund will challenge local transport authorities outside London to develop measures to support economic growth and reduce carbon in their communities. This may include encouraging walking and cycling and improved traffic management schemes. |
| 590 ## - LOCAL NOTE (RLIN) | |
| Local note | KA |
| 651 #4 - SUBJECT ADDED ENTRY--GEOGRAPHIC NAME | |
| Geographic name | England and Wales |
| Chronological subdivision | 1543- |
| 690 ## - LOCAL SUBJECT ADDED ENTRY--TOPICAL TERM (OCLC, RLIN) | |
| Topical term or geographic name as entry element | PROPERTY-INFRASTRUCTURE-TRANSPORT INFRASTRUCTURE |
| 856 40 - ELECTRONIC LOCATION AND ACCESS | |
| Uniform Resource Identifier | <a href="https://nds.coi.gov.uk/content/Detail.aspx?ReleaseID=415581&NewsAreaID=2">https://nds.coi.gov.uk/content/Detail.aspx?ReleaseID=415581&NewsAreaID=2</a> |
| Public note | View the report free of charge at http://nds.coi.gov.uk/ |
| 942 ## - ADDED ENTRY ELEMENTS (KOHA) | |
| Suppress in OPAC | 0 |
| Withdrawn status | Lost status | Source of classification or shelving scheme | Damaged status | Not for loan | Home library | Current library | Shelving location | Date acquired | Total Checkouts | Full call number | Barcode | Date last seen | Copy number | Price effective from | Koha item type |
|---|---|---|---|---|---|---|---|---|---|---|---|---|---|---|---|
| Dewey Decimal Classification | Virtual | Virtual | Online | 28/09/2010 | ONLINE PUBLICATION | 151068-2001 | 06/08/2019 | 1 | 06/08/2019 | Journal article |